| 000 | 00593nam a2200193Ia 4500 | ||
|---|---|---|---|
| 003 | GCL | ||
| 008 | 140319s9999 xx 000 0 ara d | ||
| 040 |
_aGCL / _cGCL |
||
| 082 | 0 | 4 |
_a624.1 _bم م |
| 100 | 1 | _aمصطفى طلحة | |
| 245 | 1 | 0 |
_aالمشروع المعمارى الاعداد له وتنفيذه / _cمصطفى طلحة |
| 260 |
_aالقاهرة : _bمكتبة مدبولى ، _c1990 |
||
| 300 |
_a247 ص ؛ _c22 سم |
||
| 490 | _a | ||
| 650 | 0 | 4 | _aتنظيم وادارة |
| 650 | 0 | 4 | _aالعمارة |
| 650 | 0 | 4 | _aالمشروعات الهندسية |
| 942 |
_2ddc _cBK |
||
| 999 |
_c38678 _d38678 |
||